Справочник по усилительным устройствам звукового кино (Бичлэгийн дугаар. 334502)

MARC дэлгэрэнгүй
000 -Удирдлага
Ном зүйн бүртгэл тоо буюу кодлох утгыг агуулсан 00757nam a2200217Ia 4500
003 - ХЯНАЛТЫН ТОО ТОДОРХОЙЛОГЧ
Код MN-UlNLM
005 - ХАМГИЙН СҮҮЛИЙН ҮЕИЙН ХЭЛЦЛИЙН ОГНОО БА ЦАГ
Тухайн бичилтийг бичсэн засварласан сүүлийн огноо. 20210427170953.0
008 - ЕРӨНХИЙ МЭДЭЭЛЭЛ-ЭЛЕМЕНТҮҮДИЙН ӨГӨГДЛИЙН УРТ
fixed length control field 201005t1 ||||r |||||||||||||| ||ru ||
040 ## - ЭХ СУРВАЛЖИЙГ ТОДОРХОЙЛОН БИЧИХ
Анхны каталогийн байгууллага Монгол Улсын Үндэсний номын сан
084 ## - БУСАД АНГИЛЛЫН ДУГААР
Анги 778.5
Зохиогчийн 3-н тэмдэгт Б 206
Ангиллын нэр Аравтын ангилал
Шинжлэх ухааны мэдлэгийн салбар Урлаг - 85
100 1# - ЗОХИОГЧИЙН ХЭСЭГ
Зохиогчийн нэр Балашкин А.С.
245 0# - ҮНДСЭН ГАРЧИГ
Гарчиг Справочник по усилительным устройствам звукового кино
Оролцогчдын тухай мэдээ Ред. М.Лакштовская, И.Кацев
250 ## - ХЭВЛЭЛТИЙН ТУХАЙ МЭДЭЭ
Дахин хэвлэлтийн мэдээ Издание 3-е
260 1# - ГАРАЛТЫН ТУХАЙ МЭДЭЭ
Хэвлэгдсэн он 1953
Хэвлэгдсэн газар М
Хэвлэлийн газар Госкиноиздат
300 ## - ТООНЫ МЭДЭЭ
Хуудасны тоо 748c
546 ## - ХЭЛНИЙ ТУХАЙ МЭДЭЭ
Хэл
653 ## - ТҮЛХҮҮР ҮГС
Түлхүүр үг Урлагийн шинжлэх ухаан
-- Кино урлаг
856 ## - ЭЛЕКТРОН БАЙРЛАЛ БА ХОЛБООС
Төрөл Хэвлэмэл ном
942 ## - ЭЛЕМЕНТИЙН ТӨРӨЛ
Төрөл Ном
Захиалгууд
Буцаан татагдсан төлөв Хасагдсан шалтгаан Гэмтсэн төлөв Данс заагч Захиалах боломжгүй Үндсэн номын сан Одоогийн байршил Салбар танхим Сан хөмрөг 5 Бүртгэсэн огноо Бүрдүүлэлтийн эх үүсвэр Тавиурын заалт Баркод Үнэ Хамгийн сүүлд байсан огноо Нийт уншлаганд гарсан тоо Төрөл
          МУҮндэсний Номын сан МУҮндэсний Номын сан МУҮНС төв | Өрнө дахин фонд МУҮНС төв | Өрнө дахин фонд 2020-10-05 Солилцоо 73416 005000073416 9.68 2023-06-07   Ном
          МУҮндэсний Номын сан МУҮндэсний Номын сан МУҮНС төв | Өрнө дахин фонд МУҮНС төв | Өрнө дахин фонд 2020-12-28 Солилцоо 73415 005000073415 9.68 2023-06-07   Ном